000 00498nam a2200181Ia 4500
008 100920s9999 xx 000 0 und d
082 _b71719
_a330 थ 67
100 _aSAYERS R.S.
245 _aMODERN BANKING.
260 _bOXFORD UNIVERSITY PRESS, BOMBAY.
_c1967
300 _a343
_bसाधी
365 _b0
520 _aअर्थशास्त्र.
630 _aMODERN BANKING.
650 _aअर्थशास्त्र.
730 _aMODERN BANKING.
942 _cBOOK
999 _c713577
_d713574